Présentation de la linguistique: fondements dïune théorie
Gardado en:
| Autor Principal: | |
|---|---|
| Formato: | Libro |
| Idioma: | francés |
| Publicado: |
París
Klincksieck
1967
|
| Subjects: | |
| Tags: |
Engadir etiqueta
Sen Etiquetas, Sexa o primeiro en etiquetar este rexistro!
|
MARC
| LEADER | 00000nam a2200000 a 4500 | ||
|---|---|---|---|
| 001 | UCI0065 | ||
| 003 | CL-VaPUC | ||
| 008 | 070420e19670000FR |||||||||||||||||fre|d | ||
| 082 | 0 | 4 | |a 410 |b POT |2 21 |
| 100 | 0 | |a Pottier, B |e author |9 520152 | |
| 245 | 1 | 0 | |a Présentation de la linguistique: fondements dïune théorie |
| 300 | |a 78 p | ||
| 942 | |c BK | ||
| 945 | |d 20070420 00:00:00 |a jtorresc | ||
| 260 | |a París |b Klincksieck |c 1967 | ||
| 650 | 0 | |a Lingüística |9 265068 | |
| 650 | 7 | |a TEORIA LINGUISTICA |2 CL-VaPUC |9 334835 | |
| 650 | 0 | |a Lenguaje |9 265069 | |
| 650 | 0 | |a Comunicación |9 257251 | |
| 650 | 0 | |a Sintaxis |9 318843 | |
| 650 | 0 | |a Semántica |9 265318 | |
| 583 | |a last modification |c 20130304 02:24:49 |k Rodrigo Vera | ||
| 999 | |c 325356 |d 325354 | ||
| 952 | |0 0 |1 0 |4 0 |6 410_000000000000000_POT_1967 |7 0 |8 A |9 406110 |a FDOPOS |b FDOPOS |d 2019-11-22 |i 4272323 |o 410 POT 1967 |p 4272323 |r 2025-01-22 |w 2019-11-22 |y BK |k MLA | ||